Thực hành hóa học vô cơ Giáo trình cao đẳng sư phạm
một số vấn đề trong thực hành hóa học...
Guardado en:
| Autor principal: | |
|---|---|
| Formato: | Libro |
| Lenguaje: | Vietnamese |
| Publicado: |
H.
Đại học sư phạm
2005
|
| Materias: | |
| Etiquetas: |
Agregar Etiqueta
Sin Etiquetas, Sea el primero en etiquetar este registro!
|
| Thư viện lưu trữ: | Mạng thư viện Đại học Đà Nẵng |
|---|
| LEADER | 01203nam a2200349 4500 | ||
|---|---|---|---|
| 001 | 000008709 | ||
| 003 | 4901 | ||
| 005 | 20111019151043.0 | ||
| 008 | 111019s2005 viesd | ||
| 041 | 0 | |a vie | |
| 082 | |a 546.078 |b NG-N | ||
| 100 | 0 | |a Nguyễn Thế Ngôn |e Tác giả | |
| 245 | 0 | |a Thực hành hóa học vô cơ |b Giáo trình cao đẳng sư phạm |c Nguyễn Thế Ngôn | |
| 260 | |a H. |b Đại học sư phạm |c 2005 | ||
| 300 | |a 153tr |c 24cm | ||
| 500 | |a Đầu sách ghi: Dự án đào tạo giáo viên THCS | ||
| 504 | |a Mục lục tr3 | ||
| 520 | |a một số vấn đề trong thực hành hóa học... | ||
| 653 | |a Thực hành | ||
| 653 | |a Hóa học | ||
| 653 | |a Vô Cơ | ||
| 910 | |a Thương |d 19/10/2011 | ||
| OWN | |a LSP | ||
| AVA | |a UDN50 |b LSP |d 546.078 NG-N |e check_holdings |t Error 5003 Not defined in file expand_doc_bib_avail. |h N |k 1 | ||
| 999 | |a From the UDN01 | ||
| AVA | |a UDN50 |b LSP |d 546.078 NG-N |e available |t Error 5001 Not defined in file expand_doc_bib_avail. |f 45 |g 5 |h N |i 8 |k 1 | ||
| TYP | |a Monograph | ||
| TYP | |a Printed language | ||
| 980 | |a Mạng thư viện Đại học Đà Nẵng | ||